Sustainable or not? (Record no. 118306)

MARC details
000 -LEADER
fixed length control field 01253cam a2200217 4500
001 - CONTROL NUMBER
control field WB@3612-303
008 - FIXED-LENGTH DATA ELEMENTS--GENERAL INFORMATION
fixed length control field 041116n2004 000 0 eng u
035 ## - SYSTEM CONTROL NUMBER
System control number (Sirsi) u127989
245 ## - TITLE STATEMENT
Title Sustainable or not?
260 ## - PUBLICATION, DISTRIBUTION, ETC.
Date of publication, distribution, etc. 2004
490 ## - SERIES STATEMENT
Series statement Planning (for the Natural and Built Environment)
Volume/sequential designation 12 November 2004 (1)
520 ## - SUMMARY, ETC.
Summary, etc. "The sustainable development strategy: illusion or reality?" has been published by the Environmental Audit Committee. It claims that the government's sustainable development strategy has failed to prioritise the environment over economic growth. The committee warned that the language of sustainable development will be debased if the government continues to use the word sustainable indiscriminately attached to words like transport, communities and growth. The report recommends that responsibilities for energy policy, transport and the environment, should be brought together in a single department. The full report can be accessed from: http://www.publications.parliament.uk/pa/cm/cmenva ud.htm.
590 ## - LOCAL NOTE (RLIN)
Local note WB
590 ## - LOCAL NOTE (RLIN)
Local note WB
650 ## - SUBJECT ADDED ENTRY--TOPICAL TERM
Topical term or geographic name entry element SUSTAINABLE DEVELOPMENT
650 ## - SUBJECT ADDED ENTRY--TOPICAL TERM
Topical term or geographic name entry element TRANSPORT POLICY
650 ## - SUBJECT ADDED ENTRY--TOPICAL TERM
Topical term or geographic name entry element ENERGY
9 (RLIN) 6237
650 ## - SUBJECT ADDED ENTRY--TOPICAL TERM
Topical term or geographic name entry element ENVIRONMENT
9 (RLIN) 6238
690 ## - LOCAL SUBJECT ADDED ENTRY--TOPICAL TERM (OCLC, RLIN)
Topical term or geographic name as entry element ENVIRONMENT
9 (RLIN) 6238
942 ## - ADDED ENTRY ELEMENTS (KOHA)
Suppress in OPAC 0
Holdings
Withdrawn status Lost status Source of classification or shelving scheme Damaged status Not for loan Home library Current library Shelving location Date acquired Total Checkouts Full call number Barcode Date last seen Copy number Price effective from Koha item type
    Dewey Decimal Classification     London London News article 16/11/2004   WB4044-07 127989-1001 06/08/2019 1 06/08/2019 News article